| 000 | 00565nam a2200133Ia 4500 | ||
|---|---|---|---|
| 008 | 171212s9999 xx 000 0 und d | ||
| 020 | _a9781922144942 | ||
| 100 | _aDenise Fisher, | ||
| 245 |
_cDenise Fisher, _aFrance in the South Pacific _bPower and Politics |
||
| 260 |
_bANU E Press _c2013 |
||
| 650 | _aFrance -- Foreign relations -- Oceania; Oceania -- Foreign relations -- France; France -- Foreign relations -- New Caledonia; New Caledonia -- Foreign relations -- France | ||
| 650 | _aPolitical Science | ||
| 856 | _uwww.jstor.org/stable/10.2307/j.ctt31ngqm | ||
| 999 |
_c351122 _d351122 |
||